[Event "ITA-chT 38th"]
[Site "Porto San Giorgio"]
[Date "2006.04.22"]
[Round "3.4"]
[White "De Val, Daniele"]
[Black "Malloni, Marcello"]
[Result "0-1"]
[WhiteElo "2177"]
[BlackElo "2276"]
[PlyCount "75"]
[EventDate "2006.04.21"]
[EventType "team-swiss"]
[EventRounds "5"]
[EventCountry "ITA"]
[SourceTitle "EXT 2022"]
[Source "ChessBase"]
[SourceDate "2021.10.06"]
[SourceVersion "1"]
[SourceVersionDate "2021.10.06"]
[SourceQuality "1"]
[WhiteTeam "Triestina"]
[BlackTeam "Latina Bronstein"]
[WhiteTeamCountry "ITA"]
[BlackTeamCountry "ITA"]

1. d4 Nf6 2. c4 e6 3. Nc3 Bb4 4. f3 d5 5. a3 Bxc3+ 6. bxc3 c5 7. cxd5 Nxd5 8. Qd2 f5 9. e3 Nc6 10. Bc4 0-0 11. Nh3 b6 12. 0-0 Na5 13. Ba2 Ba6 14. Re1 Bc4 15. e4 fxe4 16. fxe4 Nf6 17. Ng5 Qc8 18. e5 Nd5 19. Bxc4 Nxc4 20. Qd3 Rf5 21. Qxc4 cxd4 22. Qxc8+ Rxc8 23. g4 Rxg5 24. Bxg5 dxc3 25. Rad1 h6 26. Bc1 b5 27. Kf1 a5 28. Ke2 b4 29. Rxd5 exd5 30. axb4 axb4 31. Kd3 b3 32. Ba3 d4 33. e6 b2 34. Kxd4 Ra8 35. e7 Kf7 36. Rf1+ Ke6 37. Kc4 Kd7 38. Kb3 0-1

[Event "Trieste op 07th"]
[Site "Trieste"]
[Date "2005.09.10"]
[Round "9"]
[White "Brunello, Sabino"]
[Black "De Val, Daniele"]
[Result "1-0"]
[WhiteElo "2373"]
[BlackElo "2155"]
[PlyCount "53"]
[EventDate "2005.09.04"]
[EventType "swiss"]
[EventRounds "9"]
[EventCountry "ITA"]
[SourceTitle "CBM 108 Extra"]
[Source "ChessBase"]
[SourceDate "2005.11.04"]
[SourceVersion "1"]
[SourceVersionDate "2005.11.04"]
[SourceQuality "1"]

1. e4 e6 2. d4 d5 3. e5 c5 4. c3 Nc6 5. Nf3 Qb6 6. a3 f6 7. Bd3 fxe5 8. Nxe5 Nxe5 9. dxe5 g6 10. h4 Qc7 11. Qe2 Bg7 12. f4 Bd7 13. Nd2 0-0-0 14. Nf3 Ne7 15. h5 Nf5 16. Qf2 gxh5 17. Bxf5 exf5 18. Be3 b6 19. Rxh5 Be6 20. Ng5 Qd7 21. Qc2 Rdf8 22. 0-0-0 h6 23. Nxe6 Qxe6 24. Qd3 Qg6 25. Qxd5 Qxh5 26. Qe6+ Kb8 27. Rd7 1-0

[Event "Trieste op 07th"]
[Site "Trieste"]
[Date "2005.09.05"]
[Round "4"]
[White "Drazic, Sinisa"]
[Black "De Val, Daniele"]
[Result "1-0"]
[WhiteElo "2497"]
[BlackElo "2155"]
[PlyCount "73"]
[EventDate "2005.09.04"]
[EventType "swiss"]
[EventRounds "9"]
[EventCountry "ITA"]
[SourceTitle "CBM 108 Extra"]
[Source "ChessBase"]
[SourceDate "2005.11.04"]
[SourceVersion "1"]
[SourceVersionDate "2005.11.04"]
[SourceQuality "1"]

1. d4 f5 2. Nc3 d5 3. Bf4 Nf6 4. e3 a6 5. Nf3 e6 6. Bd3 b5 7. Ne5 c5 8. h3 Bb7 9. 0-0 Nc6 10. a3 Bd6 11. Nxc6 Bxc6 12. dxc5 Bxc5 13. b4 Bd6 14. Bxd6 Qxd6 15. Ne2 g6 16. Nd4 e5 17. Nb3 Ke7 18. f4 Rhe8 19. Qd2 Kf8 20. Qc3 d4 21. fxe5 dxc3 22. exd6 Rxe3 23. Nd4 Bd7 24. g4 Rxh3 25. gxf5 Kf7 26. fxg6+ hxg6 27. Rae1 Re8 28. Rxe8 Bxe8 29. Re1 Rh7 30. Ne6 Kg8 31. Rf1 Nd7 32. Nc7 Bf7 33. Re1 Nf6 34. Re7 Bc4 35. Bxc4+ bxc4 36. Nd5 Nd7 37. Rxd7 1-0

[Event "Pula op 19th"]
[Site "Pula"]
[Date "2005.06.23"]
[Round "6"]
[White "Orak, Ljubomir"]
[Black "De Val, Daniele"]
[Result "1/2-1/2"]
[WhiteElo "2300"]
[BlackElo "2149"]
[PlyCount "77"]
[EventDate "2005.06.19"]
[EventType "swiss"]
[EventRounds "9"]
[EventCountry "CRO"]
[SourceTitle "CBM 106 Extra"]
[Source "ChessBase"]
[SourceDate "2005.07.01"]
[SourceVersion "1"]
[SourceVersionDate "2005.07.01"]
[SourceQuality "1"]

1. e4 e6 2. d4 d5 3. Nc3 Nf6 4. Bg5 dxe4 5. Nxe4 Be7 6. Bxf6 Bxf6 7. Nf3 Nd7 8. Qd2 0-0 9. 0-0-0 b6 10. d5 Nc5 11. Nxc5 bxc5 12. Bc4 Rb8 13. c3 Qe8 14. Rhe1 Qa4 15. Bb3 Qa5 16. g4 c4 17. Bxc4 exd5 18. Qxd5 Qxd5 19. Rxd5 Bxg4 20. Nd4 g6 21. f3 Bh3 22. Rc5 Rfe8 23. Rxe8+ Rxe8 24. Rxc7 Re7 25. Rxe7 Bxe7 26. Nc6 Bc5 27. Nd8 Bg1 28. Nxf7 Kg7 29. Kd2 Bxh2 30. Ke3 h5 31. Bd5 Kf6 32. f4 Bg4 33. Ne5 Bc8 34. Nf3 Bg3 35. Ng5 Kf5 36. Be4+ Kg4 37. Bf3+ Kf5 38. Be4+ Kg4 39. Bf3+ 1/2-1/2

[Event "Portoroz op"]
[Site "Portoroz"]
[Date "2005.05.02"]
[Round "9"]
[White "Biti, Ozren"]
[Black "De Val, Daniele"]
[Result "1-0"]
[WhiteElo "2350"]
[BlackElo "2149"]
[PlyCount "65"]
[EventDate "2005.04.26"]
[EventType "swiss"]
[EventRounds "7"]
[EventCountry "SLO"]
[SourceTitle "EXT 2006"]
[Source "ChessBase"]
[SourceDate "2005.11.24"]
[SourceVersion "1"]
[SourceVersionDate "2005.11.24"]
[SourceQuality "1"]

1. e4 e6 2. d3 c5 3. g3 Nc6 4. Nf3 Nge7 5. Bg2 g6 6. c3 Bg7 7. 0-0 e5 8. Be3 d6 9. a3 a5 10. d4 exd4 11. cxd4 0-0 12. d5 Ne5 13. Nxe5 Bxe5 14. Nc3 f5 15. f4 Bxc3 16. bxc3 fxe4 17. Bxe4 Bh3 18. Re1 Qd7 19. c4 b5 20. cxb5 Qxb5 21. Rb1 Qc4 22. Bd3 Qxd5 23. Qe2 Bg4 24. Qxg4 Qxd3 25. Qe6+ Rf7 26. Rb7 Re8 27. Bf2 Kf8 28. Rd7 c4 29. Rxd6 Qf5 30. Qxc4 Rc8 31. Qd4 Kg8 32. Rd8+ Rf8 33. Rxe7 1-0